000 00468nam a2200169Ia 4500
008 240729s9999 xx 000 0 und d
022 _a2299-6834
245 0 _aFinancial Law Review
260 _aPoland
260 _bUniversity of Gdańsk
650 _a Economic theory. Demography
650 _a Finance | Social Sciences
650 _aSocial Sciences
856 _uhttps://doaj.org/toc/915a6f8579774ab38da6d385b285834d
942 _2ddc
942 _cDOAJEJ
999 _c65659
_d65659
945 _a1
_bMadushi Gamage
_c1
_dMadushi Gamage